000 00354nam a22001457a 4500
003 OSt
008 230517b |||||||| |||| 00| 0 eng d
020 _a81-85038-90-2
100 _aCSIR
245 _aWEALTH OF INDIA: RAW MATREIALS:SUPPLEMENT BIRDS
250 _aReprent 2017
260 _aNew Delhi
_bNISCAIR
300 _aix,109,47
942 _2ddc
_cREF
999 _c12061
_d12061